Statistics for Five Least Forested Countries by Continent

Click here to take the quiz!

General Stats

  • This quiz has been taken 260 times
  • The average score is 20 of 30

Answer Stats

HintAnswer% Correct
21.0Chile
88%
34.0Argentina
81%
45.4Paraguay
80%
4.0Uruguay
80%
0.3Kuwait
78%
19.0Australia
76%
42.0Ecuador
76%
0.1Egypt
76%
0.0Qatar
76%
0.1Libya
75%
0.7Bahrain
73%
0.0Vatican City
73%
0.9Yemen
73%
1.5Haiti
72%
19.2St Kitts and Nevis
71%
1.6San Marino
70%
4.7Barbados
68%
15.0Nauru
67%
31.2New Zealand
65%
11.6Grenada
63%
0.0Monaco
63%
1.0Malta
62%
37.0Samoa
62%
5.4Tonga
60%
0.3Mauritania
59%
1.0Iceland
56%
14.2El Salvador
49%
0.3Djibouti
47%
0.3Afghanistan
25%
0.3Lesotho
21%

Score Distribution

Percentile by Number Answered

Percent of People with Each Score

Your Score History

You have not taken this quiz